000 00270nam a22001217a 4500
008 171127b xxu||||| |||| 00| 0 eng d
041 _aeng
080 _a612.39
100 _a10
101 _aNUT
245 _aEASY COOKING THE COSTCO WAY
_cTALEVICH,T
942 _2udc
_cBK
999 _c38540
_d38540